| 000 | 01066nam a22003377a 4500 | ||
|---|---|---|---|
| 003 | CHAP | ||
| 005 | 20220329140130.0 | ||
| 008 | 971013s1968 r 00010 d | ||
| 010 | _a47436 | ||
| 011 | _a48408 | ||
| 035 | _a52554 | ||
| 040 | _cCHAP | ||
| 090 | _aFolleto 973 | ||
| 100 | 0 | 0 |
_aVan Es, J. C. _9117759 |
| 245 | _aFarm ownership, political participation, and other social participation in central Brazil | ||
| 260 |
_aMadison : _bLand Tenure Center, _c1968 |
||
| 300 | _a19 p. | ||
| 490 |
_aLTC _v; 50 |
||
| 590 |
_aBATCH-UPD _b10 _c20130110 _lUCH01 _h0056 |
||
| 590 |
_aBATCH-UPD _b10 _c20130110 _lUCH01 _h2138 |
||
| 590 |
_aBATCH-UPD _b10 _c20130409 _lUCH01 _h2044 |
||
| 590 |
_aBATCH-UPD _b10 _c20130914 _lUCH01 _h2029 |
||
| 590 |
_aCONVERSION _b10 _c20130109 _lUCH01 _h1326 |
||
| 650 | 1 | 4 |
_aSociologĂa rural _xBrasil. _9108221 |
| 650 | 1 | 4 |
_aTierras _xTenencia _xBrasil. _9113147 |
| 700 | 0 |
_aWhittenbarger, Robert L. _9121784 |
|
| 830 | 0 |
_aLTC _v; 50 _968830 |
|
| 901 | _aBK | ||
| 942 | _cFOLL | ||
| 949 |
_aFolleto 973 _bBC _cFOLL _d-117003 _eTS1 _i52554 _si |
||
| 999 |
_c47436 _d47436 |
||